000 00592nam a2200229 a 4500
001 nice12345678
003 IN_TiNIC
005 20260116015141.0
008 050524s1997 leoa grp 000 0 eng
020 _a
_c100
082 0 0 _a303.69
_bWAM
100 _aWampler, Faye
245 _aTools for Living
_b Peer Mediation and Conflict Resolution Training
260 _aLeola, Pasadma USA
_bEsr Associates
_c1997
500 _aincludes index and biblioraphy
505 2 _aIndex
650 _aMediation
700 1 _aWampler, Faye
902 _bRHR
942 _cBK
999 _c18510
_d18510